| 000 | 00647nam a22001697a 4500 | ||
|---|---|---|---|
| 005 | 20260303154546.0 | ||
| 008 | 260303b |||||||| |||| 00| 0 eng d | ||
| 020 | _a9798899299261 | ||
| 040 | _cVITAP | ||
| 082 |
_223 _a658.4092 ARA |
||
| 100 |
_aAranala, Sridhar _917194 |
||
| 245 |
_aA Leader`s Best Pathfinder WITHIN _b: Where Questions Find Answers _c/ Sridhar Aranala |
||
| 260 |
_aIndia _bNotion Press _c2025 |
||
| 300 | _a180p, ill.: 21cm | ||
| 650 | 0 |
_aSelf-Discovery & Inner Reflection, Leadership Mindset, Decision-Making & Problem Solving, Personal Growth & Transformation, Team & Organizational Leadership etc. _917195 |
|
| 942 |
_2ddc _cBK |
||
| 999 |
_c47323 _d47323 |
||